Deutsch nach Englisch - Zufällig - Statistiken

Allgemein
  • Dieses Quiz wurde 54.101 mal gespielt
    39.767 seit der letzten Aktualisierung
  • Das Durchschnittsergebnis liegt bei 13 aus 15
Antwortstatistiken
Deutsch Englisch % Korrekt
schwarz black
99%
Bruder brother
99%
Auto car
99%
Hund dog
99%
Milch milk
99%
Mutter mother
99%
neu new
99%
Frage question
99%
Wasser water
99%
Gelb yellow
99%
und and
98%
besser better
98%
blau blue
98%
Katze cat
98%
Käse cheese
98%
Stadt city / town
98%
kalt cold
98%
Farbe colour / color
98%
Traum dream
98%
Gesicht face
98%
Feuer fire
98%
erste/r first
98%
fünf five
98%
Flagge flag
98%
vier four
98%
Freitag friday
98%
Deutschland Germany
98%
grau gray
98%
Grün green
98%
er he
98%
Hallo Hello
98%
heiß hot /warm
98%
Stunde hour
98%
links left
98%
leben live
98%
lang long
98%
Liebe love
98%
ich me / I
98%
Montag monday
98%
Monat month
98%
nächste next
98%
Nacht night
98%
Bild Picture
98%
Schwein pig
98%
rechts right
98%
Zimmer room
98%
Schule school
98%
sehen see
98%
Silber silver
98%
sechs six
98%
Schnee snow
98%
Spinne spider
98%
Sonntag sunday
98%
zehn ten
98%
danke Thanks
98%
drei three
98%
heute today
98%
Baum tree
98%
zwanzig twenty
98%
zwei two
98%
Woche week
98%
Jahr year
98%
ja yes
98%
du you
98%
Luft air
97%
Engel angel
97%
Apfel apple
97%
zurück back
97%
Bett bed
97%
Vogel bird
97%
Geburtstag birthday
97%
Buch book
97%
Brot bread
97%
braun brown
97%
Kind child / kid
97%
Kuh cow
97%
Tanz dance
97%
dunkel dark
97%
Tag day
97%
einfach easy / simple
97%
schnell fast
97%
Fisch fish
97%
Frankreich France
97%
frei free
97%
Spiel game
97%
deutsch german
97%
Mädchen girl
97%
geben give
97%
gut good
97%
gehen go / walk
97%
halb half
97%
Hoffnung hope
97%
Pferd horse
97%
Haus house
97%
wissen know
97%
Bein leg
97%
Löwe lion
97%
machen make / do
97%
brauchen need
97%
neun nine
97%
nein no
97%
Nase nose
97%
jetzt now
97%
alt old
97%
oder or
97%
Regen rain
97%
Rot red
97%
reich rich
97%
Samstag saturday
97%
sieben seven
97%
Schwester sister
97%
klein small
97%
Spanien Spain
97%
Straße street
97%
Zucker sugar
97%
schwimmen swim
97%
Zeit time
97%
Zug train
97%
unter under
97%
Wochenende weekend
97%
Weiß white
97%
mit with
97%
Wort word
97%
arbeiten work
97%
Welt world
97%
Österreich Austria
96%
Schlecht bad
96%
weil because
96%
groß big / large / great
96%
Blut blood
96%
Körper body
96%
Junge boy
96%
aber but
96%
können can
96%
Weihnachten Christmas
96%
Uhr clock
96%
Kaffee coffee
96%
Getränk drink
96%
Ohr ear
96%
acht eight
96%
Auge eye
96%
Fußball football
96%
für for
96%
Freund friend
96%
Tschüss Goodbye / Bye
96%
Haar hair
96%
Kopf head
96%
Herz heart
96%
Hilfe help
96%
hoch high
96%
Geschichte History
96%
Eis ice
96%
König king
96%
Sprache language
96%
letzte/r last
96%
später later
96%
Glück luck
96%
Mann man
96%
Mehr more
96%
Mund mouth
96%
niemals never
96%
Königin queen
96%
Salz salt
96%
sagen say
96%
zweite/r second
96%
sie she / they
96%
Dusche shower
96%
krank sick
96%
Schlange snake
96%
Geist sprit / ghost
96%
denken think
96%
verstehen understand
96%
Wassermelone watermelon
96%
Fenster window
96%
gestern yesterday
96%
Flughafen airport
95%
alle all
95%
Tante aunt
95%
Bär bear
95%
Bier beer
95%
Frühstück breakfast
95%
Brücke bridge
95%
Strand coast / beach
95%
Koch cook
95%
Tochter daughter
95%
tun do
95%
Ente duck
95%
Blume flower
95%
Fuß foot
95%
Gott god
95%
schwer hard
95%
Hass hate
95%
haben have
95%
Honig honey
95%
Schlüssel key
95%
lernen learn
95%
leicht light / easy
95%
mögen like
95%
vielleicht maybe
95%
München Munich
95%
Ozean ocean
95%
Eltern parents
95%
bitte please
95%
Kartoffel potato
95%
Schottland Scotland
95%
zeigen show
95%
Himmel sky / heaven
95%
Sohn son
95%
Suppe soup
95%
stehen stand
95%
Schweden Sweden
95%
Tisch table
95%
nehmen take
95%
ohne without
95%
Frau woman
95%
jung young
95%
wieder again
94%
allein alone
94%
auch also
94%
hinter behind
94%
zwischen between
94%
Stuhl chair
94%
Tod death
94%
Arzt doctor
94%
Erde earth
94%
Vater father
94%
Insel island
94%
Beruf job / profession / occupation
94%
Zwiebel onion
94%
über over
94%
Pfeffer pepper
94%
Geheimnis secret
94%
jemand someone / somebody
94%
Erdbeere strawberry
94%
dann then
94%
Donnerstag thursday
94%
Dienstag tuesday
94%
Mittwoch wednesday
94%
Ehefrau wife
94%
Biene bee
93%
kommen come
93%
gefährlich dangerous
93%
Drache dragon
93%
Ägypten Egypt
93%
Abend evening
93%
Frosch frog
93%
Held hero
93%
Sprung jump
93%
Affe monkey
93%
Berg mountain
93%
Maus mouse
93%
viel much
93%
Menschen people
93%
Pfund pound
93%
Fluss river / stream / flood
93%
Suche search
93%
lächeln smile
93%
Tee tea
93%
zusammen together
93%
Wein wine
93%
Bad bath
92%
elf eleven
92%
Griechenland Greece
92%
Ungarn Hungary
92%
Buchstabe letter
92%
Nachbar neighbour
92%
Haustier pet
92%
sprechen speak
92%
bleiben stay
92%
sein (Verb) be
91%
schön beautiful
91%
Geburt birth
91%
Kapitän captain
91%
Wald forest
91%
Ehemann husband
91%
Mittagessen lunch
91%
schwanger pregnant
91%
Bahn railway
91%
Hai shark
91%
Schaf sheep
91%
Treppe stairs / steps
91%
zwölf twelve
91%
Onkel uncle
91%
Kamel camel
90%
Feind enemy
90%
Markt market
90%
Morgen morning
90%
nackt naked / nude
90%
nah near / close
90%
Paar pair / couple
90%
Schuh shoe
90%
Sturm storm
90%
Violine violin
90%
glauben believe
89%
Hauptstadt capital
89%
Tasse cup
89%
Gitarre guitar
89%
Gesundheit health
89%
müssen must
89%
rosa pink
89%
Pflanze plant
89%
möglich possible
89%
Haut skin
89%
bald soon
89%
Schweiz Switzerland
89%
Dorf village
89%
immer always
88%
Boot boat
88%
Küste coast
88%
Leder leather
88%
Schmerz pain
88%
Polen Poland
88%
stolz proud
88%
wollen want
88%
Möhre carrot
87%
lassen let
87%
Nagel nail
87%
Ananas pineapple
87%
Priorität priority
87%
Meer sea
87%
Schildkröte turtle
87%
hinauf up
87%
Wien Vienna
87%
Mauer wall
87%
Weißrussland Belarus
86%
kostenlos free
86%
See lake
86%
Regenschirm umbrella
86%
Waffe weapon
86%
Fledermaus bat
85%
Krone crown
85%
Flug flight
85%
Obst fruit
85%
Ziege goat
85%
hundert hundred
85%
Karte map
85%
Wurst sausage
85%
sollen should
85%
tausend thousand
85%
Besuch visit
85%
Wunder Wonder
85%
Grenze border
84%
Wüste desert
84%
doppelt double
84%
hinunter down
84%
Island Iceland
84%
Geschäft Shop / store / business
84%
Donner thunder
84%
Gemüse vegetable
84%
Bohne bean
83%
Bart beard
83%
Liga league / division
83%
einmal once
83%
Eule owl
83%
Physik Physics
83%
Selbstmord suicide
83%
durch through
83%
sehr very
83%
Wal whale
83%
Wohnung apartment
82%
anders different
82%
Trommel drum
82%
Krankenschwester nurse
82%
Pinguin penguin
82%
Möglichkeit possibility
82%
Viertel quarter
82%
Skulptur sculpture
82%
Zahn tooth
82%
Ameise ant
81%
Dschungel jungle
80%
Wissenschaft science
80%
Kaninchen rabbit
79%
Schwanz tail
79%
Feder feather
78%
Hügel hill
78%
Ehe marriage
78%
Papst pope
78%
Esel donkey
77%
ehrlich honest
77%
Leber liver
77%
königlich royal
77%
Werkzeug tool
77%
Achtung attention
76%
Estland Estonia
76%
Florenz Florence
76%
Blitz lightning
76%
Priester priest
76%
zufällig random
76%
Rechtsanwalt attorney
75%
ewig eternal / forever
75%
Thron throne
75%
Braut bride
74%
Grab grave
74%
Schuld guilt / blame
74%
Fahrzeug vehicle
74%
Flöte flute
73%
Hals neck
73%
Tintenfisch squid / octopus
73%
Wespe wasp
73%
werden become
72%
Feuerwehrmann firefighter
72%
Lärm noise
72%
fast almost
71%
Chemie Chemistry
71%
Mode fashion
71%
Flusspferd hippopotamus
71%
Richter judge
71%
ernst serious
71%
Kinn chin
70%
Äthiopien Ethiopia
69%
verboten forbidden
69%
Oase oasis
69%
Magen stomach
69%
Mantel coat
68%
Niederländisch Dutch
68%
Erklärung explanation
68%
Mord murder
68%
Sauerstoff oxygen
68%
Gebet prayer
68%
Geschäftsmann businessman
67%
wenig few / little
67%
Welpe puppy
67%
Rentier reindeer
67%
Jahreszeit season
67%
Thunfisch tuna
67%
Erinnerung memory
66%
Zeitleiste timeline
66%
Volk people
65%
Krähe crow
64%
Bau construction / building
63%
Reh deer
63%
Bevölkerung population
63%
Schild shield
63%
Decke blanket / ceiling
62%
Pfote paw
61%
Himbeere raspberry
61%
Seestern starfish
60%
Gans goose
59%
Lamm lamb
59%
Lavendel lavender
59%
Litauen Lithuania
59%
Währung currency
58%
Lettland Latvia
58%
Elch moose / elk
58%
Marokko Morocco
58%
Schrank closet / cupboard
57%
Hummer lobster
57%
Straßenbahn tram
57%
Bucht bay
56%
Robbe seal
54%
Papagei parrot
53%
Seemöwe seagull
53%
Rosmarin rosemary
52%
Walisisch Welsh
52%
Bundeskanzler chancellor
51%
Entwicklung development
51%
Entdeckung discovery
51%
Fabrik factory
51%
Tal valley
51%
Qualle jellyfish
49%
Hafergrütze porridge
48%
Roman novel
47%
Unze ounce
47%
Kiefer jaw
46%
Säugetier mammal
46%
neugierig curious
44%
Pelz fur
44%
Preußen Prussia
44%
Falke falcon
43%
Thymian thyme
43%
Wasserstoff hydrogen
42%
Krake octopus
42%
Ahnung idea
41%
Teich pond / pool
41%
Kohl cabbage
38%
Verlobte fiancée
38%
Karpfen carp
36%
Herzog duke
36%
Ausstellung exhibition
36%
Chirurg surgeon
36%
Gepard cheetah
34%
Stickstoff nitrogen
33%
Rente pension
33%
Käfer beetle
32%
Landkreis district
32%
Pfau peacock
32%
Zecke tick
32%
Nashorn rhinoceros
28%
Prärie prairie
26%
Kröte toad
25%
Weinberg vineyard
25%
Bach creek
24%
Schnauze snout
24%
Spatz sparrow
23%
Schwalbe swallow
21%
Berufung vocation / calling / mission
20%
Frettchen ferret
17%
Salbei sage
17%
Amsel blackbird
16%
Pavian Baboon
13%
Keine übereinstimmenden Quizze gefunden
Verteilung der Resultate
Anzahl Personen mit jedem Resultat
Perzentil nach korrekt beantworteten Fragen
Ihre Resultats-Entwicklung
Sie haben dieses Quiz seit der letzten Aktualisierung nicht gespielt